Química inorgánica: principios de estructura y reactividad
Պահպանված է:
| Հիմնական հեղինակ: | |
|---|---|
| Ձևաչափ: | Գիրք |
| Լեզու: | իսպաներեն |
| Հրապարակվել է: |
Ciudad de México
Oxford University
1997
|
| Հրատարակություն: | 2a. ed |
| Խորագրեր: | |
| Ցուցիչներ: |
Ավելացրեք ցուցիչ
Չկան պիտակներ, Եղեք առաջինը, ով նշում է այս գրառումը!
|
MARC
| LEADER | 00000nam a2200000 a 4500 | ||
|---|---|---|---|
| 001 | UCM8457 | ||
| 003 | CL-VaPUC | ||
| 008 | 030314e19970000MX |||||||||||||||||spa|d | ||
| 020 | |a 9706131620 | ||
| 082 | 0 | 4 | |a 546 |b HUH |2 21 |
| 100 | |a Huheey, James E |e author |9 496752 | ||
| 245 | 1 | 0 | |a Química inorgánica: principios de estructura y reactividad |
| 250 | |a 2a. ed | ||
| 300 | |a 1023 p | ||
| 942 | |c BK | ||
| 945 | |d 20030314 00:00:00 |a vberengu | ||
| 260 | |a Ciudad de México |b Oxford University |c 1997 | ||
| 650 | 0 | |a Química inorgánica |9 260154 | |
| 650 | 0 | |a Átomos |9 259583 | |
| 650 | 0 | |a Moléculas |9 259584 | |
| 650 | 0 | |a Ácidos |9 344389 | |
| 650 | 7 | |a BASES |2 CL-VaPUC |9 457598 | |
| 650 | 0 | |a Reacciones químicas |9 259438 | |
| 583 | |a last modification |c 20030314 00:00:00 |k Rodrigo Vera | ||
| 999 | |c 302962 |d 302960 | ||
| 952 | |0 0 |1 0 |4 0 |6 546_000000000000000_HUH_1997 |7 0 |8 A |9 363835 |a BIBCUR |b BIBCUR |d 2019-11-21 |i 3884082 |o 546 HUH 1997 |p 3884082 |r 2025-04-22 |w 2019-11-21 |y BK |k BCB | ||
| 952 | |0 0 |1 0 |4 0 |6 546_000000000000000_HUH_1997 |7 0 |8 A |9 363836 |a BIBCUR |b BIBCUR |d 2019-11-21 |i 4118405 |o 546 HUH 1997 |p 4118405 |r 2025-04-22 |w 2019-11-21 |y BK |k QUI | ||
| 952 | |0 0 |1 0 |4 0 |6 546_000000000000000_HUH_1997 |7 0 |8 A |9 363837 |a BIBCUR |b BIBCUR |d 2019-11-21 |i 4118413 |o 546 HUH 1997 |p 4118413 |r 2025-04-22 |w 2019-11-21 |y BK |k QUI | ||
| 952 | |0 0 |1 0 |4 0 |6 546_000000000000000_HUH_1997 |7 0 |8 A |9 363838 |a BIBCUR |b BIBCUR |d 2019-11-21 |i 4118421 |l 1 |m 1 |o 546 HUH 1997 |p 4118421 |r 2025-04-22 |s 2023-08-16 |w 2019-11-21 |y BK |k QUI | ||
| 952 | |0 0 |1 0 |4 0 |6 546_000000000000000_HUH_1997 |7 0 |8 A |9 363839 |a BIBCUR |b BIBCUR |d 2019-11-21 |i 411843K |o 546 HUH 1997 |p 411843K |r 2025-04-22 |w 2019-11-21 |y BK |k QUI | ||
| 952 | |0 0 |1 0 |4 0 |6 546_000000000000000_HUH_1997 |7 0 |8 A |9 363840 |a BIBCUR |b BIBCUR |d 2019-11-21 |i 4118448 |o 546 HUH 1997 |p 4118448 |r 2025-04-22 |w 2019-11-21 |y BK |k QUI | ||